Mr. Loverman (Registo nº 199461)

Detalhes MARC
000 -Etiqueta do registo
Valores 01695nam 22002293 4500
010 ## - Número ISBN
ISBN 978-989-623462-1
021 ## - Número do Depósito Legal
Número 499222/22
Código do país Portugal
100 ## - Dados gerais de processamento
Dados gerais 20251204d u||y0pory50 ba
200 ## - Titulo e menção de responsabilidade
Título próprio Mr. Loverman
Primeira menção de responsabilidade Bernardine Evaristo
Outras menções de responsabilidade tradução Miguel Romeira
205 ## - Menção da edição
Edição
210 ## - Publicação
Local de publicação Lisboa
Nome do editor Elsinore
Data de publicação 2022
215 ## - Descrição física 
Paginação / Volumes 327, [4] p.
Outras indicações físicas brochado
Dimensões 24 cm
330 ## - Sumário ou Resumo
Texto da nota Natural da ilha de Antígua, Barrington Jedidiah Walker emigrou para o Reino Unido nos anos 1960, onde prosperou financeiramente. Bem cuidado e bem vestido, com citações de Shakespeare na ponta da língua e um observador astuto da condição humana, Barry é um gentleman das Caraíbas que aprecia uma boa pândega.<br/><br/>É casado há 50 anos com Carmel, tem duas filhas e um neto — e mantém, em segredo, uma relação amorosa com Morris de la Roux, seu companheiro e amigo desde os tempos de juventude. Aos 74 anos, enfrenta uma crise existencial, constatando ter chegado o momento de assumir a sua homossexualidade e pedir o divórcio. Porém, após uma vida de medos, perseguições e mentiras, a coragem fraqueja dia após dia e a sua última oportunidade para ser feliz parece fugir-lhe das mãos...<br/><br/>Mr. Loverman é um romance cheio de ritmo, humor e subversão, no qual a vencedora do Booker Prize, Bernardine Evaristo, lança um novo olhar sobre a sociedade multiétnica ocidental, destruindo mitos e falácias culturais e expondo preconceitos há muito enraizados.
606 ## - Nome comum usado como assunto
ID Autoridade 17
Palavra de ordem Literatura Inglesa
675 ## - CDU
Notação 821.111-3
Edição PT
Língua por
700 ## - Autor principal (pessoa individual)
ID Autoridade 15265
Apelido Evaristo
Nome Bernardine
702 ## - Autor secundário (pessoa individual)
ID Autoridade 8084
Apelido Romeira
Nome Miguel
801 ## - Fonte de origem
País PT
Agência BMMN
Regras de catalogação RPC
830 ## - Notas gerais do catalogador
Criado por Ana
Indexado por Ana
990 ## - Elementos KOHA
Tipo de documento Livro
Exemplares
Situação do levantamento Biblioteca de origem Código de barras Cota Permissão de empréstimo Tipo de documento Forma de aquisição
  Biblioteca Municipal de Montemor-o-Novo 28311 821.111-3 EVA|LG   Livro Compra

Powered by Koha